00765cam a22001091 4500082001500000245006500015260012100080300002300201500001700224505039800241650001600639 a658.72 MAN10aManagement primer: principles and practices of productivity. aWashington,bTechnical Aids Branch, Office of Industrial Resources, International Cooperation Administrationc[1960] a12 v. in 1billus. aCover title.0 av. 1. Management and production.--v. 2. Enterprise organization.--v. 3. Human relations in management.--v. 4. Personnel administration.--v. 5. Controls and supervision.--v. 6. Records and reports.--v. 7. Production and management.--v. 8. Procurement and inventory.--v. 9. Financial management.--v. 10. Distribution and sales.--v. 11. Research and public relations.--v. 12. Management glossary. 0aManagement.